[Event "Tourn. n10259"]
[Site "www.echecsemail.com"]
[Date "2020.01.02"]
[Round "1"]
[White "Fereike"]
[Black "Zsigazsuga"]
[WhiteElo "1650"]
[BlackElo "1680"]
[Result "1-0"]
[Round "1"]
1.e4 c5
2.Ng1f3 g6
3.c3 Bf8g7
4.b4 cxb4
5.d4 Qd8c7
6.c4 d6
7.Qd1a4 Qc7c6
8.Qa4xc6 Nb8xc6
9.Bc1b2 Bc8g4
10.Nb1d2 Ng8f6
11.Bf1d3 O-O
12.d5  { time }
1-0

[Event "Tourn. n10243"]
[Site "www.echecsemail.com"]
[Date "2020.01.02"]
[Round "1"]
[White "Sorim"]
[Black "Galiany17"]
[WhiteElo "2310"]
[BlackElo "2590"]
[Result "1/2-1/2"]
[Round "1"]
1.d4 Ng8f6
2.Ng1f3 d5
3.g3 c5
4.dxc5 e6
5.b4 a5
6.c3 axb4
7.cxb4 Nb8c6
8.Bc1d2 Nf6e4
9.a3 Qd8f6
10.Ra1a2 e5
11.Bf1g2 Bf8e7
12.O-O O-O
13.Bd2e1 Bc8e6
14.Ra2a1 Rf8d8
15.h4 d4
16.Nf3d2 Ne4xd2
17.Be1xd2 Qf6g6
18.b5 Nc6a5
19.c6 bxc6
20.Bd2b4 c5
21.Bg2xa8 Na5b3
22.Nb1d2 Nb3xa1
23.Ba8e4 f5
24.Bb4a5 fxe4
25.Ba5xd8 Be7xd8
26.Qd1xa1 e3
27.Nd2f3 exf2
28.Rf1xf2 Qg6xg3
29.Rf2g2 Qg3f4
30.Qa1b1 Qf4e3
31.Kh1 e4
32.Nf3g5 Bd8xg5
33.hxg5 Be6d5
34.g6 Qe3h3
35.Kg1 e3
36.gxh7 Kh8
37.Qb1g6 Bd5xg2
38.Qg6xg2 Qh3f5
39.Kh2 Qf5e5
40.Kg1 c4
41.b6 d3
42.Qg2a8 Kxh7
43.Qa8h1 Kg6
44.Qh1c6 Kf5
45.Qc6f3 Kg6
46.Qf3c6 Kh7
47.Qc6h1 Kg8
48.Qh1a8 Kf7
49.Qa8f3 Qe5f6
50.Qf3b7 Kg8
51.Qb7d5 Kh7
52.Qd5h5 Qf6h6
53.Qh5f5 Qh6g6
54.Qf5xg6 Kxg6
55.exd3 c3
56.b7 c2
57.b8Q c1Q
58.Kg2 Qc1c2
59.Kf3 Qc2f2
60.Kg4 Qf2e2
61.Kg3 Qe2xd3
62.a4 Qd3e4
63.Qb8b6 Kh7
64.Qb6a5 g6
65.Qa5c7 Kh6
66.a5 e2
67.Qc7c1 Kh5
68.Kf2 g5
69.a6 Kh4
70.a7 Qe4d4
71.Kxe2 Qd4xa7
72.Kf1 g4
73.Kg2 Qa7b7
74.Kg1 Qb7b6
75.Kg2 Qb6f6
76.Qc1h1 Kg5
77.Qh1h7 Qf6b2
78.Kg3 Qb2c3
79.Kg2 Qc3d2
80.Kg3 Qd2e3
81.Kg2 Qe3h3
82.Qh7xh3 gxh3
83.Kxh3 Kf6
{ draw }
1/2-1/2

[Event "Tourn. n10277"]
[Site "www.echecsemail.com"]
[Date "2020.01.02"]
[Round "1"]
[White "Mb20"]
[Black "Estonia"]
[WhiteElo "1969"]
[BlackElo "1900"]
[Result "1-0"]
[Round "1"]
1.d4 d5
2.c4 dxc4
3.e3 Ng8f6
4.Bf1xc4 e6
5.Ng1f3 Bf8b4
6.Bc1d2 a5
7.O-O O-O
8.a3 Bb4d6
9.Nb1c3 b6
10.e4 Bc8b7
11.e5 Nf6d5
12.exd6 Qd8xd6
13.Bc4d3 Nb8d7
14.Bd3xh7 Kxh7
15.Nf3g5 Kg8
16.Nc3e4 Nd7f6
17.Ne4xd6 cxd6
18.Ra1c1 g6
19.Rf1e1 Kg7
20.Re1xe6 fxe6
21.Ng5xe6 Kf7
22.Ne6xf8 Ra8xf8
23.Qd1b3 Kg7
24.Bd2g5 { resign }
1-0

[Event "1/128 Finale"]
[Site "www.chess-mail.com"]
[Date "2020.01.02"]
[Round "1"]
[White "Zsigazsuga"]
[Black "Hennie4820"]
[WhiteElo "1499"]
[BlackElo "2120"]
[Result "0-1"]
[Round "1"]
1.e4 c5
2.d4 cxd4
3.c3 dxc3
4.Nb1xc3 Nb8c6
5.Bf1c4 e6
6.Ng1f3 d6
7.O-O Ng8f6
8.Bc1g5 Bf8e7
9.Rf1e1 O-O
10.e5 dxe5
11.Nf3xe5 Nc6xe5
12.Re1xe5 a6
13.Qd1f3 Qd8c7
14.Qf3e2 b5
15.Bc4d3 Bc8b7
16.Bg5xf6 Be7xf6
17.Re5h5 g6
18.Rh5h3 Bf6xc3
19.bxc3 Qc7xc3
20.Ra1e1 Rf8d8
21.Bd3xg6 Qc3c6
22.Bg6xh7 Kf8
23.Rh3g3 Ke7
24.h3 Rd8d4
25.Qe2e3 Ra8d8
26.Qe3g5 Ke8
27.Qg5c1 Qc6d5
28.Qc1c7 Rd8d7
29.Rg3g8 Ke7
30.Qc7b8 Rd4d1
31.Qb8f8 Kf6
 { time }
0-1

[Event "1/128 Finale"]
[Site "www.chess-mail.com"]
[Date "2020.01.02"]
[Round "1"]
[White "Malbertan"]
[Black "Zsigazsuga"]
[WhiteElo "2060"]
[BlackElo "1399"]
[Result "1-0"]
[Round "1"]
1.e4 c5
2.Ng1f3 Ng8f6
3.e5 Nf6d5
4.Nb1c3 Nd5c7
5.Bf1c4 e6
6.O-O Nb8c6
7.d3 Nc6a5
8.Bc4b3 Na5xb3
9.axb3 Bf8e7
10.Bc1e3 d6
11.Nc3e4 Nc7d5
12.exd6 Be7xd6
13.Be3xc5 Bd6xc5
14.Ne4xc5 O-O
15.Nc5e4 Bc8d7
16.Nf3g5 Nd5f6
17.Ne4xf6 Qd8xf6
18.Ng5e4 Qf6xb2
19.Qd1e2 Bd7c6
20.Rf1b1 Qb2e5
21.Ne4g3 Qe5d5
22.Qe2e4 a6
23.Qe4xd5 Bc6xd5
24.f4 Ra8c8
25.c4 Bd5c6
26.Ng3e4 Rf8d8
27.Rb1d1 Bc6xe4
28.dxe4 Kf8
29.Kf2 Ke7
30.Ke3 Rd8xd1
31.Ra1xd1 Rc8d8
32.Rd1xd8 Kxd8
33.Kd4 Kd7
34.b4 f6
35.g4  { time }
1-0

[Event "1/64 Finale"]
[Site "www.chess-mail.com"]
[Date "2020.01.02"]
[Round "1"]
[White "Gandalf50"]
[Black "Claudia"]
[WhiteElo "2490"]
[BlackElo "2120"]
[Result "1-0"]
[Round "1"]
1.c4 Ng8f6
2.Nb1c3 d5
3.cxd5 Nf6xd5
4.Ng1f3 e6
5.d4 Bf8e7
6.e4 Nd5xc3
7.bxc3 c5
8.Bf1b5 Bc8d7
9.Bb5xd7 Nb8xd7
10.O-O cxd4
11.cxd4 O-O
12.Bc1e3 Nd7f6
13.Nf3d2 Ra8c8
14.Ra1c1 Qd8a5
15.Qd1b3 b5
16.Rc1c2 Rc8xc2
17.Qb3xc2 h6
18.Rf1c1 Rf8d8
19.h3 Nf6d7
20.Nd2b3 Qa5a4
21.Qc2c7 Qa4xa2
22.Nb3a5 Nd7f6
23.Na5c6 { resign }
1-0

[Event "Match"]
[Site "www.echecsemail.com"]
[Date "2020.01.03"]
[Round "1"]
[White "Estonia"]
[Black "Apdash"]
[WhiteElo "1880"]
[BlackElo "2280"]
[Result "0-1"]
[Round "1"]
1.e4 e5
2.Ng1f3 Nb8c6
3.Bf1b5 Ng8e7
4.O-O a6
5.Bb5a4 d6
6.c3 Bc8e6
7.d4 exd4
8.Nf3xd4 b5
9.Ba4c2 Nc6xd4
10.cxd4 c6
11.Bc1f4 Ne7g6
12.Bf4g3 Bf8e7
13.Nb1c3 O-O
14.e5 dxe5
15.Bc2xg6 fxg6
16.Bg3xe5 Be7d6
17.Be5xd6 Qd8xd6
18.Nc3e4 Qd6f4
19.Ne4g3 Ra8d8
20.Ng3e2 Qf4e4
21.b3 Be6g4
22.f3 Qe4e3
23.Kh1 Bg4c8
24.Ra1c1 Bc8b7
25.Rc1c3 Qe3e7
26.Rc3d3 b4
27.Ne2g3 a5
28.Rf1e1 Qe7c7
29.Ng3e4 Bb7a6
30.Rd3e3 h6
31.Ne4c5 Ba6c8
32.Nc5e6 Bc8xe6
33.Re3xe6 Rf8f6
34.Re6e8 Rd8xe8
35.Re1xe8 Kf7
36.Qd1e2 Qc7d7
37.Re8e4 Rf6d6
38.Qe2c4 Rd6d5
39.Re4f4 Kg8
40.h4 Qd7d6
41.Rf4e4 Kh7
42.Re4g4 c5
43.Kg1 cxd4
44.Qc4d3 h5
45.Rg4e4 Qd6f6
46.Qd3c4 Rd5d8
47.Qc4d3 Qf6b6
48.Re4e5 Kg8
49.Re5g5 Rd8d6
50.Rg5b5 Qb6c7
51.Qd3d1 d3
52.Rb5e5 Qc7c2
53.Re5e8 Kh7
54.Re8e1 Qc2xa2
55.Re1e3 Qa2c2
56.Re3e1 Rd6c6
57.Kh2 Rc6c3
58.Kh3 Rc3xb3
59.g4 Rb3b2
60.Qd1xc2 dxc2
{ resign }
0-1

[Event "Tourn. n10242"]
[Site "www.echecsemail.com"]
[Date "2020.01.03"]
[Round "1"]
[White "Zsigazsuga"]
[Black "Gambittiger"]
[WhiteElo "1559"]
[BlackElo "1499"]
[Result "0-1"]
[Round "1"]
1.e4 c6
2.d4 d5
3.exd5 cxd5
4.c3 Ng8f6
5.Bf1d3 Nb8c6
6.Ng1f3 Qd8c7
7.O-O Bc8g4
8.Rf1e1 e6
9.Nb1d2 Bf8d6
10.h3 Bg4h5
11.Qd1c2 O-O-O
12.b4 Kb8
13.b5 Nc6a5
14.a4 Rd8c8
15.Bc1b2 Na5c4
16.Bd3xc4 dxc4
17.Nf3e5 Bd6xe5
18.dxe5 Bh5g6
19.Qc2d1 Nf6d7
20.f4 Rh8d8
21.Qd1f3 Nd7xe5
 { time }
0-1

[Event "Tourn. n10259"]
[Site "www.echecsemail.com"]
[Date "2020.01.03"]
[Round "1"]
[White "Zsigazsuga"]
[Black "Gambittiger"]
[WhiteElo "1730"]
[BlackElo "1819"]
[Result "0-1"]
[Round "1"]
1.g3 d5
2.Bf1g2 e5
3.d3 Bf8d6
4.Nb1d2 Ng8f6
5.c4 c6
6.Qd1b3 Bd6c5
7.e3 O-O
8.Ng1e2 Nb8a6
9.O-O Bc8g4
 { time }
0-1

[Event "Tourn. n10261"]
[Site "www.echecsemail.com"]
[Date "2020.01.03"]
[Round "1"]
[White "Jerome"]
[Black "Apdash"]
[WhiteElo "2900"]
[BlackElo "2280"]
[Result "1-0"]
[Round "1"]
1.e4 c5
2.Ng1f3 Nb8c6
3.d4 Nc6xd4
4.Nf3xd4 cxd4
5.Qd1xd4 e6
6.Nb1c3 b6
7.Bc1f4 d6
8.Bf1b5 Bc8d7
9.Bf4xd6 Bd7xb5
10.Nc3xb5 Bf8xd6
11.Nb5xd6 Kf8
12.e5 Qd8c7
13.Qd4f4 Ng8h6
14.O-O-O Rh8g8
15.g4 g5
16.Qf4e4 Ra8d8
17.h4 f6
18.hxg5 fxe5
19.Rh1xh6 Rg8xg5
20.Rh6xh7 Rg5g7
21.Rh7h8 Rg7g8
22.Rh8xg8 Kxg8
23.Qe4g6 Kf8
24.Qg6f6 Kg8
25.Rd1h1 { resign }
1-0

[Event "Tourn. n10254"]
[Site "www.echecsemail.com"]
[Date "2020.01.03"]
[Round "1"]
[White "Picifarkinca"]
[Black "Esperanza"]
[WhiteElo "1800"]
[BlackElo "2070"]
[Result "0-1"]
[Round "1"]
1.e4 c5
2.Nb1c3 d6
3.g3 Ng8f6
4.Bf1g2 g6
5.Ng1e2 Bf8g7
6.O-O O-O
7.b3 Nb8c6
8.Bc1b2 Bc8g4
9.d3 Qd8d7
10.Nc3d5 Nc6d4
11.Bb2xd4 cxd4
12.f3 Nf6xd5
13.exd5 Bg4h3
14.Ne2f4 Bh3xg2
15.Nf4xg2 Qd7b5
16.Rf1e1 Rf8e8
17.a4 Qb5xd5
18.Ng2f4 Qd5c6
19.Kf2 Ra8c8
20.Ra1c1 Bg7h6
21.Nf4xg6 Bh6e3
22.Re1xe3 dxe3
{ resign }
0-1

[Event "Tourn. n10268"]
[Site "www.echecsemail.com"]
[Date "2020.01.03"]
[Round "1"]
[White "Iko"]
[Black "Jjmcbride"]
[WhiteElo "1790"]
[BlackElo "1700"]
[Result "1-0"]
[Round "1"]
1.e4 e5
2.Ng1f3 d6
3.Bf1d3 a6
4.O-O Qd8e7
5.Rf1e1 Nb8c6
6.Nb1c3 Bc8e6
7.Re1e3 g5
8.g3 f6
9.h4 gxh4
{ time. }
1-0

[Event "Tourn. n10271"]
[Site "www.echecsemail.com"]
[Date "2020.01.03"]
[Round "1"]
[White "Asoka"]
[Black "D4minance"]
[WhiteElo "2700"]
[BlackElo "2890"]
[Result "1/2-1/2"]
[Round "1"]
1.c4 g6
2.d4 Ng8f6
3.Nb1c3 d5
4.cxd5 Nf6xd5
5.e4 Nd5xc3
6.bxc3 Bf8g7
7.Ng1f3 c5
8.Bc1e3 Bc8g4
9.Ra1c1 O-O
10.Bf1e2 Qd8a5
11.O-O Qa5xa2
12.Rc1b1 cxd4
13.cxd4 Nb8c6
14.d5 Nc6a5
15.Be3c5 Bg4xf3
16.Be2xf3 Rf8e8
17.Rf1e1 Na5c4
18.Rb1xb7 Bg7c3
19.Re1e2 Qa2a6
20.Rb7b1 Qa6a5
21.Re2c2 Nc4a3
22.Bc5xa3 Qa5xa3
23.e5 Ra8b8
24.Rb1xb8 Re8xb8
25.d6 Bc3xe5
26.d7 Rb8d8
27.Rc2c8 Qa3a5
28.g3 Be5c7
29.Qd1e2 e6
30.Qe2b2 e5
31.Bf3c6 { draw }
1/2-1/2

[Event "Tourn. n10255"]
[Site "www.echecsemail.com"]
[Date "2020.01.03"]
[Round "1"]
[White "Add"]
[Black "Esperanza"]
[WhiteElo "2110"]
[BlackElo "2100"]
[Result "1/2-1/2"]
[Round "1"]
1.e4 c5
2.Ng1f3 d6
3.d4 cxd4
4.Nf3xd4 Ng8f6
5.Nb1c3 g6
6.Bf1c4 Bf8g7
7.Bc1e3 O-O
8.Qd1d2 Nb8c6
9.Nd4xc6 bxc6
10.Be3h6 Ra8b8
11.Bh6xg7 Kxg7
12.b3 Qd8a5
13.Bc4d3 e5
14.O-O d5
15.Rf1d1 Rf8d8
16.f3 Nf6h5
17.Nc3e2 Qa5b6
18.Kf1 f5
19.exf5 e4
20.Qd2c3 d4
21.Ne2xd4 Qb6xd4
22.Qc3xd4 Rd8xd4
23.Bd3xe4 Rd4xd1
24.Ra1xd1 Bc8xf5
25.Be4xf5 gxf5
26.Rd1d7 Kg6
27.Rd7d6 Nh5f6
28.Rd6xc6 Rb8b6
29.Rc6c7 a6
30.c4 Nf6e8
31.Rc7e7 Ne8g7
32.c5 Rb6c6
33.Re7a7 { draw }
1/2-1/2

[Event "Tourn. n10276"]
[Site "www.echecsemail.com"]
[Date "2020.01.03"]
[Round "1"]
[White "Fantomas"]
[Black "Aders1"]
[WhiteElo "2210"]
[BlackElo "2259"]
[Result "1/2-1/2"]
[Round "1"]
1.e4 g6
2.d4 Bf8g7
3.Ng1f3 d6
4.h3 Ng8f6
5.Bf1d3 O-O
6.Bc1e3 c6
7.O-O Nb8d7
8.Nb1c3 e5
9.dxe5 Nd7xe5
10.Nf3xe5 dxe5
11.Be3g5 Bc8e6
12.Qd1f3 h6
13.Bg5e3 Qd8e7
14.a3 a5
15.Nc3a4 Nf6d7
16.c3 b5
17.Na4b6 Ra8d8
18.Nb6xd7 Rd8xd7
19.Bd3c2 Rf8d8
20.Ra1d1 c5
21.Rd1xd7 Rd8xd7
22.Rf1d1 c4
23.Rd1xd7 Be6xd7
24.Qf3d1 Bd7e6
25.Qd1d2 h5
26.f3 { draw }
1/2-1/2

[Event "Tourn. n10252"]
[Site "www.echecsemail.com"]
[Date "2020.01.03"]
[Round "1"]
[White "Chessdna"]
[Black "Osopanda"]
[WhiteElo "1740"]
[BlackElo "1630"]
[Result "0-1"]
[Round "1"]
1.e4 c5
2.e5 Nb8c6
3.Ng1f3 d6
4.Bf1b5 Bc8d7
5.O-O Nc6xe5
6.Nb1c3 Ne5xf3
7.Qd1xf3 Ra8b8
8.b3 Ng8f6
9.h3 Bd7xb5
10.Nc3xb5 a6
11.Nb5c3 e6
12.d3 Bf8e7
13.Qf3g3 { time. }
0-1

[Event "Tourn. n10271"]
[Site "www.echecsemail.com"]
[Date "2020.01.04"]
[Round "1"]
[White "D4minance"]
[Black "Bigrezi"]
[WhiteElo "2890"]
[BlackElo "2300"]
[Result "1-0"]
[Round "1"]
1.d4 Ng8f6
2.c4 g6
3.f3 d5
4.cxd5 Nf6xd5
5.e4 Nd5b6
6.Bc1e3 Bf8g7
7.Nb1c3 Nb8c6
8.d5 Nc6e5
9.f4 Ne5g4
10.Bf1b5 Kf8
11.Be3d2 e5
12.dxe6 Bc8xe6
13.Ng1f3 c6
14.Bb5e2 Nb6c4
15.Be2xc4 Be6xc4
16.h3 Ng4f6
17.Nf3e5 Bc4a6
18.Qd1b3 Qd8c7
19.O-O-O b5
20.Bd2e3 c5
21.Rd1d7 Nf6xd7
22.Qb3xf7 
1-0

[Event "Tourn. n10278"]
[Site "www.echecsemail.com"]
[Date "2020.01.04"]
[Round "1"]
[White "Argento"]
[Black "Ejner"]
[WhiteElo "2330"]
[BlackElo "2440"]
[Result "0-1"]
[Round "1"]
1.d4 d5
2.c4 e6
3.Nb1c3 c5
4.cxd5 exd5
5.Ng1f3 Nb8c6
6.g3 Ng8f6
7.Bf1g2 Bf8e7
{ resign }
0-1

[Event "Match"]
[Site "www.echecsemail.com"]
[Date "2020.01.04"]
[Round "1"]
[White "Andychesston"]
[Black "Zsigazsuga"]
[WhiteElo "1750"]
[BlackElo "1499"]
[Result "1-0"]
[Round "1"]
1.e4 c5
2.Ng1f3 Nb8c6
3.d4 cxd4
4.Bf1c4 e6
5.e5 Qd8a5
6.Bc1d2 Qa5c5
7.Bc4b3 Nc6xe5
8.O-O Ng8e7
9.Nf3g5 Ne7c6
10.Ng5e4 Qc5b6
11.Bd2f4 f6
12.Qd1h5 Ne5f7
13.Nb1d2 d5
14.Ne4d6 Bf8xd6
15.Bf4xd6 g6
16.Qh5f3 Nc6e5
17.Bd6a3 Ne5xf3
18.Nd2xf3 Bc8d7
19.Ra1d1 Nf7d6
20.Ba3xd6 Qb6xd6
21.Rd1xd4 O-O
22.c4 Bd7c6
23.Rf1c1 Qd6c5
24.Rd4d1 dxc4
25.Rc1xc4 Qc5h5
26.Rc4xc6 bxc6
27.Bb3xe6 Kh8
28.h3 Qh5b5
29.b3 Qb5e2
30.Rd1e1 Qe2xe1
31.Nf3xe1 Rf8e8
32.Ne1d3 Re8xe6
33.Nd3c5 Re6e1
34.Kh2  { time }
1-0

[Event "Match"]
[Site "www.echecsemail.com"]
[Date "2020.01.04"]
[Round "1"]
[White "Zsigazsuga"]
[Black "Picifarkinca"]
[WhiteElo "1499"]
[BlackElo "1720"]
[Result "0-1"]
[Round "1"]
1.c4 e5
2.Nb1c3 Ng8f6
3.g3 d5
4.cxd5 Nf6xd5
5.Bf1g2 c6
6.d3 Bf8e7
7.Ng1f3 O-O
8.O-O Qd8c7
9.a3 Bc8e6
10.Bc1d2 Nb8d7
11.Ra1c1 Nd5f6
12.Rf1e1 Qc7b6
13.Rc1b1 Be6b3
14.Qd1c1 Ra8c8
15.Bd2e3 Be7c5
16.Be3xc5 Qb6xc5
17.e3 Rf8e8
18.Qc1d2 Nd7f8
19.Rb1c1 Rc8d8
20.Qd2e2 Nf8g6
21.Nc3e4 Nf6xe4
22.dxe4 Qc5e7
23.Rc1c3 Bb3a4
24.Nf3h4 Ng6xh4
25.gxh4 Qe7xh4
26.Qe2f3 Rd8d2
27.Rc3c4 Ba4b5
28.Rc4b4 Re8d8
 { time }
0-1

[Event "Match"]
[Site "www.echecsemail.com"]
[Date "2020.01.04"]
[Round "1"]
[White "Foxy100"]
[Black "Ztornad"]
[WhiteElo "2440"]
[BlackElo "1970"]
[Result "1-0"]
[Round "1"]
1.e4 e5
2.Ng1f3 d6
3.d4 exd4
4.Nf3xd4 a6
5.Nb1c3 Bc8d7
6.Bc1e3 c5
7.Nd4b3 Ng8f6
8.Be3g5 Bf8e7
9.Bg5xf6 Be7xf6
10.Qd1xd6 Qd8e7
11.Qd6xe7 Bf6xe7
12.O-O-O Bd7e6
13.Nc3d5 Be7g5
14.Kb1 Bg5d8
15.Nb3xc5 Be6xd5
16.Rd1xd5 O-O
17.Nc5xb7 Bd8b6
18.Bf1c4 Nb8c6
19.Rd5d6 Ra8c8
20.Bc4d5 Nc6b4
21.Rd6xb6 Nb4xc2
22.Nb7d6 Rc8c5
23.Rh1c1 Nc2a3
24.bxa3 Rc5xc1
25.Kxc1 a5
26.Rb6c6 g6
27.Rc6c8 Rf8xc8
28.Nd6xc8 Kg7
29.Nc8d6 f6
30.Nd6e8 Kh6
31.Ne8xf6 Kg5
32.Nf6xh7 Kf4
33.Kb2 Ke5
34.Kb3 Kd6
35.Ka4 Kc5
36.Kxa5 g5
37.Nh7xg5 Kd6
38.Kb6 Ke5
39.a4 Kd4
40.a5 Kd3
41.a6 Ke2
42.a7 Kxf2
43.a8Q Kxg2
44.Qa8f8 Kxh2
45.Qf8f4 Kg2
46.e5 Kg1
47.Ng5h3 
1-0

[Event "Tourn. n10234"]
[Site "www.echecsemail.com"]
[Date "2020.01.04"]
[Round "1"]
[White "Numanoid"]
[Black "Galiany17"]
[WhiteElo "2740"]
[BlackElo "2620"]
[Result "1-0"]
[Round "1"]
1.e4 c5
2.d3 Nb8c6
3.f4 d5
4.Bf1e2 dxe4
5.dxe4 Qd8xd1
6.Be2xd1 b6
7.c3 Ng8f6
8.Bd1c2 e6
9.Ng1f3 Bc8a6
10.Bc1e3 O-O-O
11.Nb1d2 Bf8d6
12.g3 Nf6g4
13.Be3g1 e5
14.h3 Ng4f6
15.f5 h6
16.g4 Bd6c7
17.Bg1f2 Rd8d7
18.O-O-O Rh8d8
19.Bf2h4 Nc6a5
20.Rh1e1 Ba6d3
21.Nd2f1 Na5c4
22.Bc2a4 Rd7d6
23.Nf1e3 Nc4xe3
24.Re1xe3 Bd3a6
25.Rd1xd6 Rd8xd6
26.Nf3xe5 Rd6d8
27.Bh4g3 Rd8f8
28.Ba4c6 Ba6f1
29.Bg3f4 Bf1g2
30.b4 a6
31.Bf4h2 Bc7d6
32.a4 cxb4
33.cxb4 Bd6xb4
34.Re3b3 a5
35.Ne5d3 Bg2xe4
36.Nd3xb4 axb4
37.Bc6xe4 Nf6xe4
38.Rb3xb4 Ne4f2
39.Rb4xb6 Kd7
40.a5 Nf2xh3
41.a6 Rf8a8
42.Bh2g3 Nh3g5
43.Bg3b8 Ng5e4
44.a7 Kc8
45.Rb6c6 Kd7
46.Rc6c7 Ke8
47.Kc2 Ne4f6
48.Kd3 Nf6xg4
49.Rc7b7 Ng4f6
50.Kd4 h5
51.Bb8d6 Nf6d7
52.Kd5 Ra8c8
53.Rb7xd7 { resign }
1-0

[Event "Tourn. n10254"]
[Site "www.echecsemail.com"]
[Date "2020.01.04"]
[Round "1"]
[White "Esperanza"]
[Black "Ditto"]
[WhiteElo "2070"]
[BlackElo "2020"]
[Result "1/2-1/2"]
[Round "1"]
1.d4 d5
2.Bc1f4 Nb8c6
3.Ng1f3 Bc8g4
4.e3 e6
5.Bf1e2 Bf8b4
6.c3 Bb4d6
7.Bf4g5 f6
8.Bg5h4 Qd8e7
9.Nb1d2 O-O-O
10.b4 e5
11.dxe5 Nc6xe5
12.O-O Qe7f7
13.Nf3xe5 Bg4xe2
14.Ne5xf7 Be2xd1
15.Nf7xh8 Ng8e7
16.Nh8f7 Bd1e2
17.Rf1e1 { draw }
1/2-1/2

[Event "Tourn. n10278"]
[Site "www.echecsemail.com"]
[Date "2020.01.04"]
[Round "1"]
[White "Foxy100"]
[Black "Argento"]
[WhiteElo "2480"]
[BlackElo "2330"]
[Result "1-0"]
[Round "1"]
1.e4 e5
2.Ng1f3 Ng8f6
3.Nb1c3 Nb8c6
4.Bf1e2 d5
5.exd5 Nf6xd5
6.Be2b5 Nd5xc3
7.bxc3 { resign }
1-0

[Event "Tourn. n10256"]
[Site "www.echecsemail.com"]
[Date "2020.01.04"]
[Round "1"]
[White "Fabos12"]
[Black "Zsigazsuga"]
[WhiteElo "1480"]
[BlackElo "1680"]
[Result "1-0"]
[Round "1"]
1.d4 Ng8f6
2.Ng1f3 c6
3.c4 d5
4.cxd5 Qd8a5
5.Bc1d2 Qa5xd5
6.Nb1c3 Qd5d8
7.e4 e6
8.Bf1d3 Bf8e7
9.O-O Nb8d7
10.Ra1c1 O-O
11.Nc3e2  { time }
1-0

[Event "Tourn. n10255"]
[Site "www.echecsemail.com"]
[Date "2020.01.04"]
[Round "1"]
[White "Jesmantiz"]
[Black "Esperanza"]
[WhiteElo "2150"]
[BlackElo "2050"]
[Result "0-1"]
[Round "1"]
1.d4 Ng8f6
2.e3 g6
3.Bf1d3 Bf8g7
4.f4 O-O
5.Ng1f3 d6
6.O-O Nb8d7
7.e4 e5
8.c3 Rf8e8
9.fxe5 dxe5
10.Qd1c2 b6
11.b4 Bc8b7
12.d5 c6
13.c4 cxd5
14.cxd5 Ra8c8
15.Qc2e2 Nf6xe4
16.Bd3xe4 f5
17.Be4d3 e4
18.Bc1g5 exf3
19.Qe2d2 Bg7f6
20.h4 Bf6xg5
21.hxg5 Nd7e5
22.Bd3b5 fxg2
23.Bb5xe8 gxf1Q
24.Kxf1 Qd8xe8
25.Nb1c3 Ne5c4
26.Qd2d4 Qe8e3
27.Nc3e2 Nc4d2
28.Kg2 Qe3xe2
29.Kh3 Qe2h5
{ resign }
0-1

[Event "1/16 Finale"]
[Site "www.chess-mail.com"]
[Date "2020.01.04"]
[Round "1"]
[White "Reignblowcan"]
[Black "Nimzo"]
[WhiteElo "2620"]
[BlackElo "2730"]
[Result "0-1"]
[Round "1"]
1.e4 e6
2.f4 d5
3.e5 c5
4.Ng1f3 Nb8c6
5.c3 Ng8h6
6.Bf1e2 Bf8e7
7.O-O f6
8.exf6 Be7xf6
9.b3 O-O
10.g3 d4
11.Be2c4 Kh8
12.Qd1e2 e5
13.fxe5 Bc8h3
14.exf6 Qd8xf6
15.Rf1e1 Nh6g4
{ resign }
0-1

[Event "1/128 Finale"]
[Site "www.chess-mail.com"]
[Date "2020.01.04"]
[Round "1"]
[White "Anonyme"]
[Black "Cal"]
[WhiteElo "1499"]
[BlackElo "1700"]
[Result "0-1"]
[Round "1"]
1.f4 c5
2.Ng1f3 Nb8c6
3.b3 Ng8f6
4.Bc1b2 d5
5.e3 Bc8g4
6.Bf1e2 e6
7.O-O h6
8.h3 Bg4h5
9.g4 Bh5g6
10.Nf3h4 Bg6h7
11.Be2b5 Bf8e7
12.Nh4f3 O-O
13.Nb1c3 Nc6b8
14.Bb5d3 Nb8c6
15.Bd3xh7 Nf6xh7
16.a3 d4
17.Nc3e2 a6
 { time }
0-1

[Event "Tourn. n10229"]
[Site "www.echecsemail.com"]
[Date "2020.01.05"]
[Round "1"]
[White "Zsigazsuga"]
[Black "Passaroa25"]
[WhiteElo "1499"]
[BlackElo "1650"]
[Result "0-1"]
[Round "1"]
1.Ng1f3 Nb8c6
2.d4 d6
3.c4 Ng8f6
4.Nb1c3 Bc8d7
5.e4 e6
6.Bc1g5 h6
7.Bg5xf6 gxf6
8.Bf1e2 Bf8g7
9.O-O O-O
10.Ra1b1 Nc6e7
11.b4 Ne7c8
12.a4 Nc8e7
13.a5 a6
14.Rf1e1 Ne7g6
15.Be2d3 Ra8b8
16.Rb1b2 Ng6e7
17.Qd1e2 Ne7g6
18.g3 c6
19.Nc3a4 b5
20.cxb5 cxb5
21.Na4b6 Bd7e8
22.Rb2c2 Ng6e7
23.Re1c1 Ne7c6
24.Rc2xc6 Be8xc6
 { time }
0-1

[Event "Tourn. n10275"]
[Site "www.echecsemail.com"]
[Date "2020.01.05"]
[Round "1"]
[White "Apdash"]
[Black "D4minance"]
[WhiteElo "2250"]
[BlackElo "2890"]
[Result "0-1"]
[Round "1"]
1.e4 g6
2.d4 Bf8g7
3.Ng1f3 d6
4.c4 Ng8f6
5.Nb1c3 O-O
6.Bf1e2 e5
7.dxe5 dxe5
8.Qd1xd8 Rf8xd8
9.Nf3xe5 Nf6xe4
10.Nc3xe4 Bg7xe5
11.O-O Nb8c6
12.Bc1g5 Rd8e8
13.Be2d3 Bc8f5
14.f3 Nc6b4
15.Ra1d1 Be5d4
16.Kh1 Bd4xb2
17.Bd3b1 Kg7
18.g4 Bf5e6
19.Rd1d2 Bb2e5
20.f4 Be5a1
21.f5 Be6xc4
22.Rf1c1 Bc4d5
23.f6 Kg8
24.a3 Bd5xe4
25.Bb1xe4 Re8xe4
26.axb4 Ba1e5
27.Rd2d5 Be5d6
28.b5 Re4xg4
29.h3 Rg4g3
30.Rc1a1 Ra8e8
31.Ra1d1 Re8e4
32.b6 axb6
33.Rd1a1 h6
34.Ra1a8 Kh7
35.Bg5xh6 Re4e1
36.Kh2 Re1g1
37.h4 Rg3g2
38.Kh3 Rg2h2

0-1

[Event "Tourn. n10257"]
[Site "www.echecsemail.com"]
[Date "2020.01.05"]
[Round "1"]
[White "Cal"]
[Black "Zsigazsuga"]
[WhiteElo "1720"]
[BlackElo "1680"]
[Result "1-0"]
[Round "1"]
1.c4 e6
2.e4 c5
3.d4 cxd4
4.Qd1xd4 Nb8c6
5.Qd4e3 Qd8c7
6.a3 Ng8e7
7.h3 b6
8.Nb1c3 Bc8b7
9.Ng1f3 d6
10.b4 Ne7g6
11.Bf1d3 Nc6e5
12.Nf3xe5 Ng6xe5
13.Bd3e2 Ne5xc4
14.Qe3g3 a6
15.Be2d3 O-O-O
16.Bc1g5 f6
17.Bg5h4  { time }
1-0

[Event "Match"]
[Site "www.echecsemail.com"]
[Date "2020.01.05"]
[Round "1"]
[White "Liencam2"]
[Black "Storzman"]
[WhiteElo "2220"]
[BlackElo "2190"]
[Result "0-1"]
[Round "1"]
1.e4 e6
2.d4 d5
3.Nb1d2 Ng8f6
4.e5 Nf6d7
5.Ng1f3 c5
6.Bf1b5 Nb8c6
7.c3 Qd8b6
8.Qd1a4 a6
9.Bb5xc6 bxc6
10.O-O a5
11.dxc5 Nd7xc5
12.Qa4c2 h6
13.b3 Nc5d7
14.Rf1e1 Bf8e7
15.Nd2f1 Bc8b7
16.Bc1e3 Qb6c7
17.Be3f4 c5
18.Ra1c1 O-O
19.Qc2d2 Rf8d8
20.Nf1e3 Nd7b6
21.Ne3c2 d4
22.cxd4 Bb7xf3
23.gxf3 Nb6d5
24.Bf4e3 c4
25.bxc4 Qc7xc4
26.Nc2a1 Qc4a4
27.Kh1 Be7b4
28.Qd2d3 Bb4xe1
29.Rc1xe1 Nd5xe3
30.fxe3 Qa4xa2
31.Na1c2 Qa2a4
32.Re1g1 Rd8c8
33.Nc2e1 Qa4c4
34.Qd3e4 Kh8
35.Qe4g4 Rc8g8
36.Qg4h5 Ra8a7
37.Ne1g2 a4
38.Qh5xh6 gxh6
{ resign }
0-1

[Event "Tourn. n10221"]
[Site "www.echecsemail.com"]
[Date "2020.01.06"]
[Round "1"]
[White "Hansen"]
[Black "Passaroa25"]
[WhiteElo "1750"]
[BlackElo "1710"]
[Result "1-0"]
[Round "1"]
1.e4 Nb8c6
2.Ng1f3 e5
3.Bf1b5 d6
4.c3 Ng8e7
5.h3 f6
6.Qd1b3 Bc8d7
7.d4 Nc6a5
8.Qb3b4 a6
9.Bb5a4 Ne7c6
10.Qb4a3 Bf8e7
11.d5 Na5c4
12.Qa3b3 Nc4a5
13.Qb3c2 Nc6a7
14.b4 Na5c4
15.b5 Bd7xb5
16.Ba4b3 O-O
17.g4 g5
18.Qc2d3 h6
19.Bb3xc4 c5
20.h4 Kf7
21.hxg5 hxg5
22.Nb1d2 Rf8g8
23.Nd2f1 Ke8
24.a4 Bb5d7
25.Nf1g3 Bd7xg4
26.Nf3g1 Kd7
27.Ng3f5 Be7f8
28.Rh1h7 Kc8
29.Ra1b1 Qd8a5
30.Rh7xb7 Na7b5
31.Rb7f7 Qa5xc3
32.Bc1d2 Qc3xd3
33.Bc4xd3 Nb5c7
34.Bd2a5 Nc7e8
35.Rb1b7 Bg4h5
36.Rf7d7 Ra8b8
37.Bd3xa6 Rg8g7
38.Rb7b6 Kxd7
39.Rb6xb8 Ne8c7
40.Rb8b7 Kc8
41.Rb7xc7 Kd8
42.Rc7xg7 Ke8
43.Rg7g8 Kf7
44.Rg8h8 Bh5g4
45.Nf5h6 Bf8xh6
46.Rh8xh6 Kg7
47.Rh6h2 Bg4d7
48.Ba5c7 Bd7xa4
49.Bc7xd6 Ba4c2
50.f3 Bc2a4
51.Bd6xc5 Kg6
52.Bc5f8 Kf7
53.Rh2h8 Kg6
54.d6 f5
55.Ba6c8 fxe4
56.fxe4 Ba4c2
57.d7 Bc2xe4
58.d8Q Be4f5
59.Qd8d6 { resign }
1-0

[Event "Match"]
[Site "www.echecsemail.com"]
[Date "2020.01.06"]
[Round "1"]
[White "Apdash"]
[Black "Whitekknight"]
[WhiteElo "2280"]
[BlackElo "1850"]
[Result "1-0"]
[Round "1"]
1.e4 e5
2.Ng1f3 Nb8c6
3.Bf1c4 h6
4.d4 exd4
5.Nf3xd4 Bf8c5
6.Nd4xc6 bxc6
7.O-O d5
8.Bc4d3 Ng8f6
9.exd5 cxd5
10.Bd3b5 Bc8d7
11.Rf1e1 Bc5e7
12.Bb5xd7 Qd8xd7
13.Qd1e2 Nf6g8
14.Bc1d2 Kf8
15.Nb1c3 c6
16.Ra1d1 Ra8e8
17.Qe2h5 g6
18.Qh5f3 Kg7
19.Bd2e3 Kh7
20.Qf3xf7 { resign }
1-0

[Event "Tourn. n10279"]
[Site "www.echecsemail.com"]
[Date "2020.01.06"]
[Round "1"]
[White "Fantomas"]
[Black "Apdash"]
[WhiteElo "2220"]
[BlackElo "2230"]
[Result "0-1"]
[Round "1"]
1.e4 c5
2.Ng1f3 d6
3.Nb1c3 Nb8c6
4.d4 cxd4
5.Nf3xd4 Ng8f6
6.Bf1c4 Bc8g4
7.Nd4xc6 bxc6
8.f3 Bg4h5
9.Bc1e3 e6
10.Bc4e2 Bf8e7
11.O-O O-O
12.Qd1d3 Bh5g6
13.Qd3d2 Qd8a5
14.Qd2d1 Ra8b8
15.Qd1c1 Rb8b7
16.Nc3d1 e5
17.a3 d5
18.b4 Qa5c7
19.exd5 cxd5
20.c3 Rf8d8
21.Qc1b2 a5
22.Qb2b3 d4
23.cxd4 exd4
24.Be2a6 dxe3
25.Nd1xe3 Rb7a7
26.b5 Qc7b6
27.Kh1 Ra7xa6
{ resign }
0-1